Zgadnij państwo po jedzeniu - Statystyki

Ogólne statystyki
  • Ten quiz został rozwiązany 61 razy
  • Średni wynik to 7 z 8
Statystyki odpowiedzi
Hint Odpowiedź % Poprawnych
🥟 Polska
100%
🍕 Włochy
100%
🍔 Stany Zjednoczone
98%
🌮 Meksyk
95%
🥖 Francja
93%
🍣 Japonia
88%
🥨 Niemcy
88%
🌯 Turcja
84%
Nie znaleziono quizów pasujących do podanych kryteriów
Rozkład punktacji
Procent ludzi z każdym wynikiem
Percentyl według liczby udzielonych odpowiedzi
Twoja historia wyników
Nie rozwiązałeś tego quizu